000 00567nam a2200217Ia 4500
003 OSt
005 20220928144928.0
006 a|||||r|||| 00| 0
007 ta
008 220927b |||||||| |||| 00| 0 eng d
024 _a77227
037 _cTextual
040 _aSDCL
_cSDCL
_beng
041 _2eng
_aeng
082 _aQ2216, M3
100 _aChatterjee A N
_9510536
245 0 _aSrikrisna Caitanya
_b A historical study on Gaudiya Vaisnavism.
260 _c1983
942 _hQ2216, M3
_cTEXL
_2CC
999 _c830626
_d830626